Desde la Patagonia (Registro nro. 1176)
[ vista simple ]
| 000 -LEADER | |
|---|---|
| fixed length control field | 00784nas a22001817a 4500 |
| 008 - CAMPO DE CONTROL RECURSOS CONTINUADOS | |
| fixed length control field | 130226t20049999ag ||||| |||| 00| 0 spa d |
| 022 ## - INTERNATIONAL STANDARD SERIAL NUMBER | |
| International Standard Serial Number | 1668-8848 |
| 245 ## - TITULO | |
| Titulo | Desde la Patagonia |
| Subtítulo y título paralelo | Difundiendo Saberes |
| 260 ## - PUBLICACION, DISTRIBUCION, ETC. (PIE DE IMPRENTA) | |
| Lugar de publicación, distribución, etc | Bariloche: |
| Nombre de la editorial, distribuidor, etc. | Centro Regional Universitario Bariloche, |
| -- | Universidad Nacional del Comahue, |
| Fecha de publicación | 2004 |
| 300 ## - DESCRIPCION FISICA | |
| Extensión | v. : |
| 310 ## - FRECUENCIA ACTUAL DE LA PUBLICACION | |
| Frecuencia actual de la publicación | semestral |
| 546 ## - NOTA DE IDIOMA | |
| Nota de lenguaje | español |
| 590 ## - NOTAS LOCALES (RLIN) | |
| Nota local | Existencias: 2004 1(1); 2005 2(2,3); 2006 3(4); 2007 4(5); 2008 5(6,7); 2009 6(8,9); 2010 7(10); 2011 8(11,12); 2012 9(13,14); 2013 10(15,16); 2014 11(17); 2015 12(19, 20); 2016 12(21), 13(22); 2017 14(23,24,25); 2019 16(27,28) |
| 650 ## - MATERIA-TERMINO TEMATICO | |
| Término temático | CIENCIA |
| 9 (RLIN) | 1898 |
| 651 ## - MATERIA-NOMBRES GEOGRAFICOS | |
| Término geográfico | CENTRO REGIONAL UNIVERSITARIO BARILOCHE |
| 9 (RLIN) | 1905 |
| 856 ## - LOCALIZACION ELECTRONICA Y ACCESO | |
| Identificador Uniforme de Recurso (URI) | <a href="http://www.desdelapatagoniads.com.ar/">http://www.desdelapatagoniads.com.ar/</a> |
| 942 ## - ADDED ENTRY ELEMENTS (KOHA) | |
| Source of classification or shelving scheme | Dewey Decimal Classification |
| Item type | Continuing Resources |
No hay ítems disponibles.